000 00609nam a2200205Ia 4500
005 20250508163846.0
008 008 250505s9999 xx 000 0 eng d
020 _a81-259-0653-3
037 _aTextBook
040 _aFEDL
_beng
_cFEDL
041 _aeng
_2eng
084 _a371.425, SWA/R
_qFEDL
100 _aSwadesh Mohan Ed.
_9465942
245 0 _aCareer development in India : Theory, research, and development
260 _aNew Delhi, India
_bVikas Publishing House
_c2000
300 _axvi,323p
365 _aINR
_b425
942 _cTB
_h371.425, SWA/R
999 _c1385644
_d1385644